Normal view
MARC view
- Supervised by Dr. Haier Abbas
Entry Personal Name
001 - CONTROL NUMBER
- control field: 132792
003 - CONTROL NUMBER IDENTIFIER
- control field: NUST
005 - DATE AND TIME OF LATEST TRANSACTION
- control field: 20260117134757.0
008 - FIXED-LENGTH DATA ELEMENTS
- fixed length control field: 260117|| aca||aabn | a|a d
040 ## - CATALOGING SOURCE
- Original cataloging agency: NUST
- Transcribing agency: NUST
100 ## - HEADING--PERSONAL NAME
- Personal name: Supervised by Dr. Haier Abbas
670 ## - SOURCE DATA FOUND
- Source citation: Work cat.: (NUST): Altaf, Ayesha 124449, Designing A Trust Management System for Malicious Node Detection and Prevention in Internet of Things /, September 2011
